00492nam a22001457a 4500020001500000040000900015082001700024100002900041245005300070260003400123650005300157942001200210999001900222952010500241 a0256120897 cNUST a621.395bGOP aK. Gopal Gopalan9125734 aIntroduction to Digital Microelectronic Circuits aChicago:bMcGraw Hill,c1996. 2Introduction to Digital Microelectronic Circuits 2ddccBK c611430d611430 00102ddc4070aCEMEbCEMEcGENd2024-09-09l0o621.395 GOPpCEME-36716r2024-09-09w2024-09-09yBK